Grundlagen der Verkehrs- und Siedlungsplanung

Gespeichert in:
Bibliographische Detailangaben
1. Verfasser: Knoflacher, Hermann (Verfasst von)
Format: Buch
Sprache:Deutsch
Veröffentlicht: Wien : Böhlau Verlag, 2007
Tags: Tag hinzufügen
Keine Tags, Fügen Sie das erste Tag hinzu!

MARC

LEADER 00000nam a22000003a 4500
001 stu155417
005 20150617225945.7
008 080121s2007----au------------------ger-d
020 |a 978-3-205-77626-0 
040 |a STU  |b slo 
041 0 |a ger 
044 |a au 
100 1 |a Knoflacher, Hermann  |4 aut 
245 1 |a Grundlagen der Verkehrs- und Siedlungsplanung 
260 |a Wien :  |b Böhlau Verlag,  |c 2007 
300 |a 383 s 
996 |c V*49898/O-22159  |l VV2  |s P  |a 0  |w stu155417_0001